00556 2200205 4500001002100000005001700021008004100038020002200079035002500101082001000126090001600136100001000152245004800162250001100210260003800221300002700259504003000286650002200316850001200338YOGYA-0411000000049620141215153638.0 ind  a979-602-8764-74-2 a0010-041100000000496 a302.3 a302.3 Muj P aMUJIB aParadigma transformatif masyarakatc/ Mujib aCet. 1 aYogyakartabPustaka Pelajarc2010 axiii, 249 hlm.c21 cm. aBibliografi : hlm 221-232 aSosial, Interaksi aYOPDYOG